[Event "Xtracon Chess Open 2018"]
[Site "Elsinore"]
[Date "2018.07.28"]
[Round "9"]
[White "Larsen, Preben R."]
[Black "Mansoor, Afras"]
[Result "0-1"]
[WhiteElo "1803"]
[BlackElo "1973"]
[EventDate "2018.07.21"]
[WhiteFideId "1425790"]
[BlackFideId "1522108"]

1.e4 e5 2.Nf3 Nc6 3.Bc4 Bc5 4.O-O Nf6 5.d4 Bxd4 6.Nxd4 Nxd4 7.Bg5 d6 8.f4 
Bg4 9.Bxf6 Bxd1 10.Bxd8 Rxd8 11.Rxd1 Nxc2 12.Nc3 Nxa1 13.Rxa1 exf4 14.Nd5 
O-O 15.Nxf4 Rfe8 16.Bd3 c6 17.Kf2 g6 18.Rc1 Kg7 19.a4 a5 20.Rc2 Re5 21.b3 
Kf6 22.Re2 Ke7 23.Rc2 Kd7 24.Ne2 Kc7 25.Nc3 Kb6 26.Rc1 Rde8 27.Rc2 R8e7 
28.Nb1 Rc5 29.Nc3 f5 30.exf5 gxf5 31.Nb1 f4 0-1

[Event "Xtracon Chess Open 2018"]
[Site "Elsinore"]
[Date "2018.07.28"]
[Round "9"]
[White "Knudsen, Jan"]
[Black "Bremer, Erik"]
[Result "1-0"]
[WhiteElo "1659"]
[BlackElo "1476"]
[EventDate "2018.07.21"]
[WhiteFideId "1460803"]
[BlackFideId "1411578"]

1.e4 c5 2.Nf3 d6 3.d4 cxd4 4.Nxd4 Nf6 5.Nc3 a6 6.f3 e6 7.Bc4 Be7 8.Be3 Qc7
9.Bb3 Nc6 10.Qd2 b5 11.Nxc6 Qxc6 12.g4 Bb7 13.a4 Nd7 14.Rf1 Nc5 15.Bd4 
Nxb3 16.cxb3 Bh4+ 17.Bf2 Bxf2+ 18.Rxf2 b4 19.Ne2 a5 20.Rc1 Qd7 21.Nd4 O-O 
22.Qe3 Rfc8 23.Rfc2 Rxc2 24.Rxc2 Rc8 25.Qc1 Rxc2 26.Qxc2 Qc8 27.Qxc8+ Bxc8
28.Nc6 d5 29.Ne7+ Kh8 30.Nxc8 dxe4 31.fxe4 g6 32.Nd6 Kg7 33.Nb7 Kf6 34.Ke2
Ke5 35.Ke3 f5 36.exf5 exf5 37.gxf5 gxf5 38.Nxa5 h5 39.Nc6+ Kf6 40.a5 Kg5 
41.Kf3 1-0

[Event "Xtracon Chess Open 2018"]
[Site "Elsinore"]
[Date "2018.07.28"]
[Round "9"]
[White "Askerov, Imamali"]
[Black "Rygg, Andreas Gangstad"]
[Result "1/2-1/2"]
[WhiteElo "1970"]
[BlackElo "1759"]
[EventDate "2018.07.21"]
[WhiteFideId "12974498"]
[BlackFideId "1527754"]

1.e4 c5 2.Nf3 g6 3.d4 cxd4 4.Nxd4 Bg7 5.c4 Nc6 6.Be3 Nf6 7.Nc3 Ng4 8.Qxg4 
Nxd4 9.Qd1 Nc6 10.Be2 d6 11.O-O Be6 12.Rc1 O-O 13.f4 Qa5 14.Qd2 Rac8 15.
Kh1 f5 16.exf5 Bxf5 17.Rfd1 Rfe8 18.Bf3 Be6 19.Qe2 Nd8 20.c5 dxc5 21.Ne4 
b6 22.Ng5 Bf7 23.Bg4 e6 24.Rd7 h6 25.Ne4 Qa4 26.Qd3 Nc6 27.Rxf7 Kxf7 28.
Nd6+ Kf6 29.Nxc8 Rxc8 30.b3 Qxa2 31.Qc3+ Kf7 32.Bxe6+ Kxe6 33.Qxg7 Ne7 34.
Bg1 Qd2 35.Rc3 Rg8 36.Qe5+ Kf7 37.Re3 Qd7 38.Qe4 Re8 39.Rd3 Qf5 40.Qc4+ 
Qe6 41.Qa4 Nc6 42.Re3 Qd5 43.h3 Rxe3 44.Bxe3 Qd1+ 45.Kh2 Qd5 46.Qb5 Nd4 
47.Qa6 Qd7 48.b4 Nf5 49.Qa2+ Kf8 50.Bd2 cxb4 1/2-1/2

[Event "Xtracon Chess Open 2018"]
[Site "Elsinore"]
[Date "2018.07.28"]
[Round "9"]
[White "Mai, Alexander Oliver"]
[Black "Woltery, Nicolai"]
[Result "1/2-1/2"]
[WhiteElo "1966"]
[BlackElo "1715"]
[EventDate "2018.07.21"]
[WhiteFideId "2313391"]
[BlackFideId "436887"]

1.d4 Nf6 2.Bf4 g6 3.Nc3 Bg7 4.e4 d6 5.Qd2 O-O 6.O-O-O c6 7.f3 b5 8.Bh6 Qa5
9.Bxg7 Kxg7 10.Kb1 b4 11.Nce2 Be6 12.b3 Na6 13.Nf4 Nc7 14.h4 h6 15.Ngh3 a6
16.Nxe6+ fxe6 17.a4 Nb5 18.Kb2 e5 19.dxe5 dxe5 20.Bd3 Nc3 21.Rde1 Nh5 22.
Qe3 Qc7 23.Qc5 Qd6 24.Qxd6 exd6 25.Rhf1 a5 26.Nf2 Rae8 1/2-1/2

[Event "Xtracon Chess Open 2018"]
[Site "Elsinore"]
[Date "2018.07.28"]
[Round "9"]
[White "Lindgaard, Tobias Simon"]
[Black "Schrodt, Sebastian"]
[Result "0-1"]
[WhiteElo "1746"]
[BlackElo "1955"]
[EventDate "2018.07.21"]
[WhiteFideId "1419820"]
[BlackFideId "24675563"]

1.c4 Nf6 2.g3 g6 3.Bg2 Bg7 4.Nc3 c5 5.e3 O-O 6.Nge2 Nc6 7.O-O e6 8.d4 cxd4
9.exd4 d5 10.c5 b6 11.Bf4 Ba6 12.Qa4 Qc8 13.Rfc1 bxc5 14.Nb5 Rd8 15.Rxc5 
Nd7 16.Nd6 Nxc5 17.dxc5 Rxd6 18.cxd6 Bxe2 19.Rc1 Bc4 20.Rxc4 dxc4 21.Bxc6 
e5 22.d7 Qd8 23.Bxa8 exf4 24.Qc6 fxg3 25.hxg3 Bxb2 26.Qc8 Bf6 27.Kf1 Kg7 
28.Qxd8 Bxd8 29.Ke2 Kf6 30.Bc6 Ke5 31.Kd2 Kd4 32.Kc2 Kc5 33.Ba4 h5 34.Kd2 
g5 35.Bd1 h4 36.gxh4 gxh4 37.Bg4 Kd4 38.Bh3 Ba5+ 39.Kc2 Ke4 40.Bg2+ Kf4 
41.Bh1 h3 42.Bd5 Ke5 43.Bh1 f5 44.d8=Q Bxd8 45.Kc3 Bb6 46.Kxc4 Kf4 47.Kd3 
Bxf2 48.Ke2 Kg3 49.Bf3 Bc5 50.Bd5 Ba3 51.Bf3 a5 52.Bc6 a4 53.Bf3 Bc5 54.
Bd5 a3 55.Bf3 Kf4 56.Bd5 Ke5 57.Bh1 Kd4 58.Kd2 Bb4+ 59.Ke2 Kc3 60.Bd5 Bd6 
61.Kf2 h2 62.Kg2 Kd4 63.Bf3 Ke3 64.Bd5 Be5 65.Bc6 Ke2 66.Bb5+ Ke1 67.Bc4 
Bg3 68.Bd5 f4 69.Bc6 Ke2 70.Bf3+ Ke3 71.Bd5 f3+ 72.Bxf3 h1=Q+ 0-1

[Event "Xtracon Chess Open 2018"]
[Site "Elsinore"]
[Date "2018.07.28"]
[Round "9"]
[White "Finnsson, Eli W."]
[Black "Munshi, Aditya"]
[Result "0-1"]
[WhiteElo "1606"]
[BlackElo "1953"]
[EventDate "2018.07.21"]
[WhiteFideId "7201451"]
[BlackFideId "436720"]

1.e4 c5 2.Nf3 d6 3.d4 cxd4 4.Nxd4 Nf6 5.Nc3 a6 6.Be3 e5 7.Nb3 Be6 8.f3 h5 
9.Be2 Nbd7 10.Qd2 Rc8 11.O-O-O Qc7 12.Kb1 Be7 13.h3 h4 14.Rc1 b5 15.Nd5 
Bxd5 16.exd5 Nb6 17.Bxb6 Qxb6 18.c4 b4 19.Rhd1 O-O 20.c5 dxc5 21.d6 Rfd8 
22.Qg5 Rxd6 23.Qxe5 Qb8 24.Rxd6 Bxd6 25.Qf5 Rc6 26.Na5 Rb6 27.Nb3 Rc6 28.
Na5 Rc7 29.Rc4 Qe8 30.Rc2 Re7 31.Qd3 Re6 32.Nc4 Bg3 33.Bd1 Nh5 34.Re2 Nf4 
35.Rxe6 Qxe6 36.Qc2 Nxg2 37.Qxg2 Qxc4 38.Qe2 Qxe2 39.Bxe2 a5 40.Kc2 Be5 
41.b3 Kh7 42.Kd3 Kg6 43.Ke4 Bd4 44.f4 Kf6 45.f5 g6 46.fxg6 fxg6 47.Bg4 g5 
48.Bc8 Bf2 49.Bg4 Ke7 50.Kd5 Kf6 51.Ke4 a4 52.Bd7 a3 53.Bb5 g4 54.hxg4 h3 
55.Kf3 h2 56.Kg2 Bg1 57.Bc4 Kg5 58.Be6 Kf4 59.Bf5 Ke5 60.Bb1 Kd4 61.g5 Kc3
62.g6 Bd4 63.Kxh2 Kb2 64.Bd3 Kxa2 65.Bc4 0-1

[Event "Xtracon Chess Open 2018"]
[Site "Elsinore"]
[Date "2018.07.28"]
[Round "9"]
[White "Haraldsson, Leif"]
[Black "Weber, Andreas"]
[Result "0-1"]
[WhiteElo "1942"]
[BlackElo "1693"]
[EventDate "2018.07.21"]
[WhiteFideId "1710648"]
[BlackFideId "24652504"]

1.f4 e5 2.e4 exf4 3.Bc4 Qh4+ 4.Kf1 d6 5.d4 Nf6 6.Nf3 Qh6 7.Nc3 c6 8.e5 Nh5
9.exd6 Bxd6 10.Qe2+ Be6 11.d5 Ng3+ 12.hxg3 Qxh1+ 13.Ng1 Bc5 14.Qf3 Qxg1+ 
15.Ke2 cxd5 16.Bxd5 O-O 17.Bxe6 Re8 0-1

[Event "Xtracon Chess Open 2018"]
[Site "Elsinore"]
[Date "2018.07.28"]
[Round "9"]
[White "Jonsson, Olafur Gisli"]
[Black "Salerno, Christian"]
[Result "0-1"]
[WhiteElo "1844"]
[BlackElo "2070"]
[EventDate "2018.07.21"]
[WhiteFideId "2302705"]
[BlackFideId "1310810"]

1.e4 e5 2.Nf3 Nc6 3.Bc4 Bc5 4.b4 Bxb4 5.c3 Ba5 6.d4 b5 7.Bxb5 Nxd4 8.Nxd4 
exd4 9.Qxd4 Qf6 10.e5 Qb6 11.Qd3 Rb8 12.Bc4 Ne7 13.O-O O-O 14.Nd2 Qg6 15.
Ba3 Re8 16.Ne4 Bb7 17.Rae1 Nf5 18.f4 d5 19.exd6 Bxe4 20.Rxe4 Rxe4 21.Qxe4 
Bb6+ 22.Kh1 Ng3+ 0-1

[Event "Xtracon Chess Open 2018"]
[Site "Elsinore"]
[Date "2018.07.28"]
[Round "9"]
[White "Nesse, David"]
[Black "Nielsen, Jorgen Lovgren"]
[Result "0-1"]
[WhiteElo "1825"]
[BlackElo "2051"]
[EventDate "2018.07.21"]
[WhiteFideId "1519875"]
[BlackFideId "1403850"]

1.e4 e5 2.Nf3 Nc6 3.Nc3 Nf6 4.d4 exd4 5.Nxd4 d6 6.Be3 Be7 7.f3 O-O 8.Qd2 
a6 9.g4 Nxd4 10.Bxd4 b5 11.h4 c5 12.Be3 Ne8 13.g5 Bb7 14.h5 f5 15.g6 Nf6 
16.h6 hxg6 17.O-O-O Kf7 18.hxg7 Rg8 19.Qg2 Rxg7 20.e5 Ng4 21.e6+ Kxe6 22.
Bxc5 Ne5 23.Be2 Qa5 24.Bd4 Rc8 25.Rhe1 b4 26.Nb1 Qxa2 27.Qh2 Kf7 28.Bxe5 
dxe5 29.Qxe5 Kg8 30.Rd7 Bg5+ 31.f4 Bxf4+ 32.Qxf4 Rxd7 33.Rg1 Qf7 34.Bh5 
Rc6 35.Qb8+ Kh7 36.Bf3 Rc8 37.Rh1+ Kg8 38.Qh2 Qg7 39.Bxb7 Rxb7 40.Qg3 Rbc7
41.Qb3+ Qf7 42.Qd3 Rxc2+ 0-1

[Event "Xtracon Chess Open 2018"]
[Site "Elsinore"]
[Date "2018.07.28"]
[Round "9"]
[White "Bering, Anders"]
[Black "Berg, Margar M."]
[Result "0-1"]
[WhiteElo "1995"]
[BlackElo "1859"]
[EventDate "2018.07.21"]
[WhiteFideId "1405810"]
[BlackFideId "7200021"]

1.d4 d5 2.c4 dxc4 3.Nf3 Nf6 4.e3 e6 5.Bxc4 Be7 6.O-O O-O 7.Qe2 b6 8.Nc3 
Bb7 9.e4 a6 10.a3 Nbd7 11.Rd1 b5 12.Ba2 Nb6 13.Bb1 Re8 14.Ne5 Bd6 15.Bg5 
h6 16.Bh4 g5 17.Bg3 Qe7 18.h4 Nh7 19.hxg5 hxg5 20.Qg4 Bxe5 21.Bxe5 Nc4 22.
Bh2 Nxb2 23.Re1 f6 24.Re3 Nc4 25.Rh3 Nxa3 26.Ba2 Nc4 27.f4 Rad8 28.Rd1 b4 
29.Bxc4 bxc3 30.f5 c2 31.Rc1 Rxd4 32.Rxc2 Rxe4 33.Bxe6+ Qxe6 34.fxe6 Rxg4 
35.Rxc7 Bxg2 36.Rh6 Rxe6 37.Rg6+ Kf8 38.Rgg7 Bd5+ 39.Kf1 Rh4 40.Bg3 Rh1+ 
41.Kf2 a5 42.Rgd7 Ke8 43.Rxd5 Re7 44.Rc8+ Kf7 45.Rxa5 Rhe1 46.Bd6 R7e6 47.
Bb4 R1e2+ 48.Kf1 R2e4 49.Ba3 Kg6 50.Rh8 Re8 51.Rxe8 Rxe8 52.Kf2 Nf8 53.Kf3
Ne6 54.Kg4 Ng7 55.Ra6 Re4+ 56.Kf3 Rf4+ 57.Ke2 Nf5 58.Bb2 Nh4 59.Bc3 g4 60.
Be1 Nf3 61.Bg3 Rb4 62.Bd6 Rb3 63.Be7 Nd4+ 64.Kf2 Rf3+ 65.Kg2 Kg5 66.Rd6 
Nc2 67.Re6 Ne3+ 68.Kg1 Nd5 69.Bd8 Rf5 70.Ra6 Nf4 71.Kh2 Nh5 72.Kg2 Rd5 73.
Be7 Rd2+ 74.Kg1 g3 75.Bc5 Kg4 76.Be3 Rd3 77.Bh6 Kh3 78.Ra1 f5 79.Re1 f4 
80.Bxf4 Nxf4 81.Rf1 Ne2+ 82.Kh1 g2# 0-1

[Event "Xtracon Chess Open 2018"]
[Site "Elsinore"]
[Date "2018.07.28"]
[Round "9"]
[White "Rasmussen, Morten"]
[Black "Quinn, David"]
[Result "0-1"]
[WhiteElo "1837"]
[BlackElo "1987"]
[EventDate "2018.07.21"]
[WhiteFideId "1410865"]
[BlackFideId "2401452"]

1.d4 Nf6 2.c4 g6 3.f3 Bg7 4.e4 d6 5.Nc3 O-O 6.Be3 Nc6 7.Nge2 a6 8.Qd2 Rb8 
9.b3 Bd7 10.Rc1 b5 11.cxb5 axb5 12.d5 Ne5 13.a3 b4 14.axb4 Rxb4 15.Nd4 Qa8
16.h3 c5 17.Nc2 Rxb3 18.f4 Rxc3 19.Qxc3 Nxe4 20.Qa3 Qxd5 21.fxe5 Bxe5 22.
Qd3 Bg3+ 23.Kd1 Nc3+ 24.Kd2 Ne4+ 25.Kd1 Qe5 26.Ne1 Ba4+ 27.Ke2 Rb8 28.Nf3 
Rb2+ 29.Bd2 Bb5 30.Rc4 d5 0-1

[Event "Xtracon Chess Open 2018"]
[Site "Elsinore"]
[Date "2018.07.28"]
[Round "9"]
[White "Jorgensen, Alexander Torp"]
[Black "Bengtsson, Jessica"]
[Result "1-0"]
[WhiteElo "1803"]
[BlackElo "1985"]
[EventDate "2018.07.21"]
[WhiteFideId "1434187"]
[BlackFideId "1711083"]

1.c4 e6 2.Nf3 d5 3.b3 Be7 4.Bb2 Bf6 5.Nc3 Ne7 6.e3 c5 7.Qc2 Nbc6 8.a3 b6 
9.Be2 Bb7 10.cxd5 exd5 11.O-O O-O 12.Rac1 Rc8 13.Bd3 h6 14.Ne2 Qd6 15.Nf4 
Bxb2 16.Qxb2 Rfd8 17.Rfe1 d4 18.Be4 Re8 19.Nh5 g6 20.Ng3 Rcd8 21.b4 cxb4 
22.axb4 dxe3 23.dxe3 Qb8 24.Red1 Rxd1+ 25.Rxd1 Rd8 26.Rxd8+ Qxd8 27.b5 Na5
28.Bxb7 Nxb7 29.Qa1 Na5 30.Qf6 Qc7 31.e4 Nc8 32.e5 Qe7 33.Qf4 Kg7 34.Ne4 
Qd7 35.g4 Qd8 36.h4 Nb3 37.Nd6 Nxd6 38.exd6 Nc5 39.g5 hxg5 40.hxg5 Qd7 41.
Qf6+ Kg8 42.Ne5 Qc8 43.Qe7 Qf8 44.Nd7 Qc8 45.Nf6+ Kg7 46.d7 Nxd7 47.Nxd7 
Qc1+ 48.Kg2 Qc4 49.Qf8+ 1-0

[Event "Xtracon Chess Open 2018"]
[Site "Elsinore"]
[Date "2018.07.28"]
[Round "9"]
[White "Hafstad, Leif"]
[Black "Ramkilde, Mikael"]
[Result "1-0"]
[WhiteElo "1817"]
[BlackElo "1971"]
[EventDate "2018.07.21"]
[WhiteFideId "438030"]
[BlackFideId "1439391"]

1.e4 c5 2.Nf3 d6 3.Bb5+ Nd7 4.d4 a6 5.Bxd7+ Bxd7 6.O-O cxd4 7.Qxd4 e5 8.
Qd3 Nf6 9.c4 h6 10.Nc3 Rc8 11.Be3 Qc7 12.b3 Be7 13.Rac1 O-O 14.Nd2 Rfe8 
15.Rfe1 Bf8 16.f4 Qd8 17.Nf3 Ng4 18.Nd5 Nxe3 19.Qxe3 exf4 20.Qxf4 Qa5 21.
Re2 Be6 22.Rf2 b5 23.Nd4 Bxd5 24.exd5 Rc7 25.Nc6 Qb6 26.Rf1 g5 27.Qf5 Re2 
28.h4 Rxf2 29.Rxf2 Qe3 30.hxg5 Qxg5 31.Qe4 Qg6 32.Qe3 Rb7 33.Rf3 Kh7 34.
Rg3 Qf6 35.Qe4+ Kh8 36.Qe8 1-0

[Event "Xtracon Chess Open 2018"]
[Site "Elsinore"]
[Date "2018.07.28"]
[Round "9"]
[White "Hyldkrog, Lars"]
[Black "Dahl, Max"]
[Result "1/2-1/2"]
[WhiteElo "1961"]
[BlackElo "1848"]
[EventDate "2018.07.21"]
[WhiteFideId "1402781"]
[BlackFideId "1526626"]

1.e4 c6 2.d4 d5 3.e5 Bf5 4.Nf3 e6 5.Be2 c5 6.O-O Nc6 7.c3 Rc8 8.Nbd2 f6 9.
exf6 Qxf6 10.dxc5 Bxc5 11.Nb3 Bb6 12.Bb5 Bg4 13.Be2 Nge7 14.Nfd4 Bxe2 15.
Qxe2 Nxd4 16.Nxd4 Bxd4 17.cxd4 O-O 18.Be3 a6 19.Rac1 Nf5 20.Rfd1 Qf7 21.
Rxc8 Rxc8 22.Bf4 Rc6 23.Be5 Qd7 24.h3 Ne7 25.Rd3 Ng6 26.Rc3 1/2-1/2

[Event "Xtracon Chess Open 2018"]
[Site "Elsinore"]
[Date "2018.07.28"]
[Round "9"]
[White "Manz, Andreas"]
[Black "Nielsen, Morten Majlund"]
[Result "1/2-1/2"]
[WhiteElo "1791"]
[BlackElo "1959"]
[EventDate "2018.07.21"]
[WhiteFideId "24660108"]
[BlackFideId "1445448"]

1.d4 e6 2.Bf4 c5 3.e3 Qb6 4.Nc3 cxd4 5.exd4 Nf6 6.a3 d6 7.Bc4 Bd7 8.Bb3 
Be7 9.Nf3 O-O 10.O-O Nc6 11.d5 Na5 12.Be3 Qc7 13.dxe6 fxe6 14.Ba2 Nc4 15.
Bxc4 Qxc4 16.Bg5 Rac8 17.Bxf6 Rxf6 18.Ne5 Qc7 19.Nxd7 Qxd7 20.Qd3 Qc6 21.
Ne4 Rf4 22.Nc3 Rg4 23.g3 a6 24.Rad1 Rf8 25.Qe2 Rg6 26.Nd5 exd5 27.Qxe7 Re8
28.Qh4 Qxc2 29.Qb4 b5 30.Rxd5 Qc6 31.Qb3 Kh8 32.Rd2 Rge6 33.Qd5 Qxd5 34.
Rxd5 Kg8 35.Rd2 1/2-1/2

[Event "Xtracon Chess Open 2018"]
[Site "Elsinore"]
[Date "2018.07.28"]
[Round "9"]
[White "Green, Per"]
[Black "Kallenbach, Olav"]
[Result "1/2-1/2"]
[WhiteElo "1927"]
[BlackElo "1838"]
[EventDate "2018.07.21"]
[WhiteFideId "1703811"]
[BlackFideId "1414852"]

1.c4 f5 2.g3 Nf6 3.Bg2 e5 4.d4 exd4 5.Qxd4 Nc6 6.Qd1 Bb4+ 7.Bd2 Qe7 8.Nf3 
d5 9.cxd5 Nxd5 10.O-O Be6 11.Bg5 Nf6 12.Qc2 O-O-O 13.Nc3 h6 14.Bxf6 Qxf6 
15.Rac1 g5 16.Nb5 Ba5 17.e3 Bd5 18.Nfd4 Bxg2 19.Kxg2 Nxd4 20.Nxd4 f4 21.
Qf5+ Qxf5 22.Nxf5 fxe3 23.Nxe3 Bd2 24.Rc2 Bxe3 25.fxe3 Rhf8 26.Rf3 Kd7 27.
e4 c6 28.Rf5 Ke7 29.Rcf2 b6 30.b3 c5 31.h3 a6 32.Kf1 Rd1+ 33.Kg2 Rfd8 34.
Rf6 R8d6 35.Rf7+ Ke6 36.Rf8 R1d2 37.Re8+ Kd7 38.Rh8 Rxf2+ 39.Kxf2 Kc6 40.
Ke3 Re6 41.Rd8 Kb5 42.a3 a5 43.Rd5 Kc6 44.a4 Rg6 45.Rf5 b5 46.Rf6+ Kb7 
1/2-1/2

[Event "Xtracon Chess Open 2018"]
[Site "Elsinore"]
[Date "2018.07.28"]
[Round "9"]
[White "Jacobsen, Heidrikur T."]
[Black "Nielsen, Henrik Wendelbo"]
[Result "1-0"]
[WhiteElo "1918"]
[BlackElo "1831"]
[EventDate "2018.07.21"]
[WhiteFideId "7200340"]
[BlackFideId "1412302"]

1.d4 e6 2.e4 d5 3.exd5 exd5 4.Bd3 Bd6 5.Nf3 Nf6 6.O-O O-O 7.Re1 Re8 8.Bg5 
Rxe1+ 9.Qxe1 Be6 10.Ne5 Be7 11.f4 Ne4 12.Bxe7 Qxe7 13.Bxe4 dxe4 14.Qxe4 c6
15.Nc3 f6 16.Nd3 f5 17.Qe3 Na6 18.Re1 Re8 19.g4 Qf8 20.g5 Bf7 21.Qf2 Rxe1+
22.Qxe1 Nc7 23.Qe5 Qd8 24.Nc5 b6 25.Nb7 Qd7 26.Nd6 Be6 27.b3 g6 28.Ne2 Ne8
29.Nxe8 Qxe8 30.c4 Bf7 31.Nc3 Qxe5 32.fxe5 Kf8 33.d5 Be8 34.Kf2 Ke7 35.Ke3
Bd7 36.Kd4 c5+ 37.Ke3 a6 38.a4 Be8 39.Kf4 Kd7 40.a5 Kc7 41.axb6+ Kxb6 42.
e6 1-0

[Event "Xtracon Chess Open 2018"]
[Site "Elsinore"]
[Date "2018.07.28"]
[Round "9"]
[White "Poulsen, Knud"]
[Black "Andersen, Daniel"]
[Result "0-1"]
[WhiteElo "1760"]
[BlackElo "1917"]
[EventDate "2018.07.21"]
[WhiteFideId "1422324"]
[BlackFideId "1402714"]

1.c4 Nf6 2.Nc3 d5 3.cxd5 Nxd5 4.g3 c5 5.Bg2 Nxc3 6.bxc3 Nc6 7.Nf3 g6 8.Rb1
Qc7 9.O-O Bg7 10.Qb3 O-O 11.d3 e5 12.e4 b6 13.Ne1 Na5 14.Qc2 c4 15.f4 cxd3
16.Nxd3 exf4 17.e5 Rb8 18.Bxf4 Be6 19.Rbd1 Rbc8 20.Rc1 Rfd8 21.Rf3 Nc4 22.
Bg5 Rd7 23.Bf6 Bf5 24.Rxf5 gxf5 25.Qe2 Bxf6 26.exf6 Qd6 27.Qh5 Qxf6 28.Bh3
Nd6 29.g4 Rxc3 30.Rxc3 Qxc3 31.gxf5 Rc7 32.Kh1 f6 33.Qf3 Rc4 0-1

[Event "Xtracon Chess Open 2018"]
[Site "Elsinore"]
[Date "2018.07.28"]
[Round "9"]
[White "Christensen, Jacob Foged"]
[Black "Kristian, Pade Frederiksen"]
[Result "1-0"]
[WhiteElo "1916"]
[BlackElo "1808"]
[EventDate "2018.07.21"]
[WhiteFideId "1439073"]
[BlackFideId "1435205"]

1.d4 Nf6 2.Nf3 g6 3.Bf4 Bg7 4.e3 d6 5.c4 O-O 6.Nc3 Nc6 7.Be2 Nd7 8.d5 Nce5
9.Qc2 a5 10.h4 Nc5 11.h5 c6 12.hxg6 hxg6 13.Nxe5 dxe5 14.Bh6 Bd7 15.O-O-O 
Qe8 16.g4 cxd5 17.Nxd5 Rc8 18.Rh2 e6 19.Bxg7 Kxg7 20.Rh7+ Kxh7 21.Nf6+ Kg7
22.Nxe8+ Rfxe8 23.Qc3 b5 24.g5 f6 25.gxf6+ Kxf6 26.f4 Kf7 27.Qxe5 Rh8 28.
Rg1 Rh2 29.Kd1 bxc4 30.f5 Ba4+ 31.Ke1 Nd3+ 32.Bxd3 cxd3 33.Qxe6+ 1-0

[Event "Xtracon Chess Open 2018"]
[Site "Elsinore"]
[Date "2018.07.28"]
[Round "9"]
[White "Mielow, Bjarne"]
[Black "Andersen, Dag"]
[Result "0-1"]
[WhiteElo "1730"]
[BlackElo "1915"]
[EventDate "2018.07.21"]
[WhiteFideId "1415484"]
[BlackFideId "1504568"]

1.Nf3 d5 2.g3 Nf6 3.Bg2 g6 4.b3 Bg7 5.Bb2 c6 6.O-O O-O 7.d3 Nbd7 8.Nbd2 
Qc7 9.Rb1 e5 10.e3 Re8 11.c4 b6 12.cxd5 cxd5 13.Rc1 Qd6 14.e4 Ba6 15.Qe2 
dxe4 16.Nxe4 Nxe4 17.Qxe4 Bxd3 18.Rfd1 Bxe4 19.Rxd6 Nc5 20.Rcd1 Rac8 21.h4
Bf5 22.Ng5 h6 23.Nf3 Ne4 24.R6d5 Rc2 25.Bxe5 Rxf2 26.Rd8 Rxd8 27.Rxd8+ Kh7
28.Bxg7 Kxg7 29.Nd4 Rxa2 30.Nxf5+ gxf5 31.Rd3 Ra1+ 32.Bf1 Kf6 33.Kg2 Ke5 
34.b4 Ra2+ 35.Kg1 Rb2 36.Rd7 Nxg3 37.Bc4 Rxb4 38.Bxf7 a5 39.Kg2 Ne4 40.Kf3
Rb2 41.Bd5 Rf2+ 42.Ke3 f4+ 43.Kd3 Nc5+ 0-1

[Event "Xtracon Chess Open 2018"]
[Site "Elsinore"]
[Date "2018.07.28"]
[Round "9"]
[White "Voll, Oddvar U"]
[Black "Hansen, Tommy"]
[Result "1-0"]
[WhiteElo "1915"]
[BlackElo "1732"]
[EventDate "2018.07.21"]
[WhiteFideId "1533827"]
[BlackFideId "1511009"]

1.e4 e6 2.d4 d5 3.Nd2 Nf6 4.Bd3 c5 5.c3 Nc6 6.e5 Nd7 7.Ne2 cxd4 8.cxd4 f6 
9.exf6 Nxf6 10.f4 Bb4 11.O-O Bxd2 12.Qxd2 Bd7 13.b3 Qb6 14.Kh1 Ne7 15.Ba3 
Bb5 16.Bxe7 Bxd3 17.Bxf6 Bxe2 18.Qxe2 gxf6 19.f5 Kd7 20.Rae1 Rae8 21.Qh5 
Rhf8 22.fxe6+ Rxe6 23.Qxd5+ Rd6 24.Qf5+ Kd8 25.Qxh7 Kc8 26.Qf5+ Kb8 27.d5 
Qa5 28.Qf4 Rd8 29.Re6 Qxd5 30.Rxf6 Ka8 31.Rxd6 Rxd6 32.h4 a6 33.Kh2 Rg6 
34.g4 Qd3 35.g5 Qe2+ 36.Rf2 Qh5 37.Qf8+ 1-0

[Event "Xtracon Chess Open 2018"]
[Site "Elsinore"]
[Date "2018.07.28"]
[Round "9"]
[White "Degerfeldt, Sven"]
[Black "Nielsen, Peter"]
[Result "1-0"]
[WhiteElo "1902"]
[BlackElo "1707"]
[EventDate "2018.07.21"]
[WhiteFideId "1717430"]
[BlackFideId "1707485"]

1.d4 f5 2.g3 Nf6 3.Bg2 e6 4.Nf3 Be7 5.O-O O-O 6.c4 d6 7.b3 Ne4 8.Qc2 a5 9.
a3 Bf6 10.e3 Qe8 11.Bb2 e5 12.Nc3 Nxc3 13.Bxc3 e4 14.Nd2 Qg6 15.Rae1 c5 
16.f3 cxd4 17.exd4 exf3 18.Bxf3 Nc6 19.Qd3 Bd7 20.Kg2 f4 21.Be4 Qg4 22.
Rxf4 Qh5 23.Kg1 Rae8 24.Rff1 Bh3 25.Bg2 Bxg2 26.Kxg2 Rxe1 27.Rxe1 d5 28.
Nf3 Be7 29.c5 Bg5 30.b4 axb4 31.axb4 Ra8 32.b5 Ra2+ 33.Re2 Rxe2+ 34.Qxe2 
Nd8 35.Qe5 h6 36.h4 Qg6 37.hxg5 Nf7 38.Qxd5 hxg5 39.Be1 g4 40.Ne5 1-0

[Event "Xtracon Chess Open 2018"]
[Site "Elsinore"]
[Date "2018.07.28"]
[Round "9"]
[White "Saravana, Vedant Kumar"]
[Black "Skjoldager, Flemming"]
[Result "1-0"]
[WhiteElo "1691"]
[BlackElo "1902"]
[EventDate "2018.07.21"]
[WhiteFideId "45059730"]
[BlackFideId "1406515"]

1.e4 d5 2.exd5 Qxd5 3.Nc3 Qd6 4.Nf3 Nf6 5.d4 c6 6.Bd3 g6 7.Be3 Bg4 8.h3 
Bxf3 9.Qxf3 Nbd7 10.O-O Bg7 11.Rfe1 e6 12.a3 O-O-O 13.Bf4 Qf8 14.Qxc6+ 1-0

[Event "Xtracon Chess Open 2018"]
[Site "Elsinore"]
[Date "2018.07.28"]
[Round "9"]
[White "Leonhardsen, Vebjorn Maanum"]
[Black "Shehzad, Shazil"]
[Result "0-1"]
[WhiteElo "1726"]
[BlackElo "1896"]
[EventDate "2018.07.21"]
[WhiteFideId "1539515"]
[BlackFideId "1521942"]

1.e4 c5 2.Nf3 e6 3.d4 cxd4 4.Nxd4 a6 5.c4 Nf6 6.Nc3 Qc7 7.a3 b6 8.Bd3 Bb7 
9.O-O d6 10.Bg5 Nbd7 11.f4 Qc5 12.Ne2 Nxe4 13.b4 Qc7 14.Bh4 g6 15.Qc2 Nef6
16.Rac1 Bg7 17.Nf3 O-O 18.Nc3 Rac8 19.a4 Rfe8 20.Ne4 Nxe4 21.Bxe4 Nf6 22.
Bxb7 Qxb7 23.Bxf6 Bxf6 24.Qd3 Red8 25.Rc2 Qc6 26.b5 Qc5+ 27.Kh1 axb5 28.
axb5 d5 29.Rfc1 dxc4 30.Qe4 Qxb5 31.h3 c3 32.Ne5 Bxe5 33.fxe5 Rc4 34.Qe3 
Qc5 35.Qxc5 Rxc5 36.Rxc3 Rxc3 37.Rxc3 b5 38.Kg1 b4 39.Rb3 Rd4 40.Kf2 Rc4 
41.Rb2 Re4 42.Kf3 Rxe5 43.Rxb4 Kg7 44.g4 h5 45.Kf4 Rd5 46.Rb7 Kf6 47.Rb4 
g5+ 48.Kg3 Rd3+ 49.Kg2 Rd2+ 50.Kg1 h4 51.Rb3 Ke5 52.Rf3 f5 53.gxf5 exf5 
54.Ra3 Ke4 55.Ra7 Rd4 56.Rg7 Kf4 57.Ra7 g4 58.hxg4 fxg4 59.Ra1 g3 60.Rb1 
Kg4 61.Rc1 Kh3 62.Ra1 Rd2 0-1

[Event "Xtracon Chess Open 2018"]
[Site "Elsinore"]
[Date "2018.07.28"]
[Round "9"]
[White "Brink, Nienke van den"]
[Black "Larsen, Hans Haagen"]
[Result "1/2-1/2"]
[WhiteElo "1889"]
[BlackElo "1679"]
[EventDate "2018.07.21"]
[WhiteFideId "1452568"]
[BlackFideId "1409557"]

1.e4 e6 2.d4 d5 3.Nc3 Bb4 4.e5 c5 5.a3 Bxc3+ 6.bxc3 Ne7 7.Qg4 Nbc6 8.Qxg7 
Rg8 9.Qxh7 Qc7 10.Nf3 cxd4 11.Bd2 dxc3 12.Bxc3 Bd7 13.Qd3 O-O-O 14.O-O-O 
Rg4 15.h3 Ra4 16.Bb2 Na5 17.Nd2 a6 18.Qc3 Bc6 19.Nb3 Nc4 20.Nc5 Ra5 21.Nb3
Ra4 1/2-1/2

[Event "Xtracon Chess Open 2018"]
[Site "Elsinore"]
[Date "2018.07.28"]
[Round "9"]
[White "Christensen, Verner"]
[Black "Kreken, Eivind Grunt"]
[Result "1-0"]
[WhiteElo "1886"]
[BlackElo "1626"]
[EventDate "2018.07.21"]
[WhiteFideId "1416006"]
[BlackFideId "1532359"]

1.e4 e6 2.d4 d5 3.Nc3 dxe4 4.Nxe4 Bd7 5.Bd3 Bc6 6.Qe2 Qxd4 7.Nf3 Qd8 8.O-O
Nd7 9.Re1 Bxe4 10.Bxe4 c6 11.Bf4 Ngf6 12.Bf5 Be7 13.Bh3 h6 14.Rad1 g5 15.
Be5 O-O 16.Bxf6 Bxf6 17.Nd4 Bxd4 18.Rxd4 c5 19.Rd3 Qe7 20.f4 Kg7 21.f5 e5 
22.Rxd7 Qxd7 23.f6+ 1-0

[Event "Xtracon Chess Open 2018"]
[Site "Elsinore"]
[Date "2018.07.28"]
[Round "9"]
[White "Fjallheim, Leif Reinert"]
[Black "Kristiansen, Elias V."]
[Result "1-0"]
[WhiteElo "1886"]
[BlackElo "1163"]
[EventDate "2018.07.21"]
[WhiteFideId "7201788"]
[BlackFideId "1530003"]

1.Nf3 Nf6 2.g3 d5 3.Bg2 Nc6 4.d3 Bf5 5.O-O e6 6.a3 Bd6 7.Nbd2 Ne7 8.Qe1 c5
9.e4 dxe4 10.dxe4 Bg6 11.e5 Bxc2 12.exd6 Qxd6 13.Nc4 Qa6 14.Qc3 Bg6 15.
Nfe5 O-O 16.Qa5 Rab8 17.Qxa6 bxa6 18.Nxg6 Nxg6 19.Be3 Nd5 20.Bxc5 Rfc8 21.
b4 Nc3 22.Bxa7 Rxb4 23.axb4 Rxc4 24.Bc5 Ne5 25.Rxa6 h6 26.Re1 Nd3 27.Re3 
Nxc5 28.bxc5 Rxc5 29.Rc6 Rh5 30.Rexc3 Rxh2 31.Kxh2 h5 1-0